000 00713nam a2200241Ia 4500
003 OSt
005 20220918175959.0
006 a|||||r|||| 00| 0
007 ta
008 220917b |||||||| |||| 00| 0 eng d
024 _a20,087
037 _cTextual
040 _aARTS
_cARTS
_beng
041 _2eng
_aeng
082 _aO111,3:gN, K2
100 _aSutherland William O S.
_955384
245 0 _aSix contemporary novels
_b Introductory essays in modern fiction
260 _aAustin
_bUniversity of Texas Texas
_c1962
300 _a112p.
_ccm.
650 _aENGLISH LITERATURE; ENGLISH FICTION
942 _hO111,3:gN, K2
_cTEXL
_2CC
999 _c159853
_d159853